[Event "DVM U14w 2012"]
[Site "Magdeburg GER"]
[Date "2012.12.27"]
[Round "1"]
[White "Denkert, Anna"]
[Black "Schumann, Rabea"]
[Result "0-1"]
[Termination "normal"]
[Board "6.1"]
[WhiteElo "1655"]
[BlackElo "1383"]
[WhiteTeam "SV Empor Berlin"]
[BlackTeam "SG Güstrow/Teterow"]
[WhiteFideId "12938122"]
[BlackFideId "12918199"]
[EventCountry "GER"]
[EventRounds "7"]
[EventType "team-swiss"]
[EventDate "2012.12.26"]

1. e4 c5 2. Nc3 Nc6 3. f4 d6 4. Nf3 e6 5. g4 g6 6. Bg2 Bg7 7. O-O Nge7 8. d3
O-O 9. Qe1 f5 10. gxf5 exf5 11. Nd2 Nd4 12. Qd1 Rb8 13. Nb3 b5 14. a3 a5 15.
Ne2 Nec6 16. Nbxd4 Nxd4 17. c3 Nc6 18. Rb1 b4 19. axb4 axb4 20. cxb4 Nxb4 21.
Ng3 Ba6 22. Rf3 Qf6 23. Bf1 Rfc8 24. Kh1 c4 25. d4 fxe4 26. Nxe4 Qf5 27. Nc3
Bb7 28. d5 Bxc3 29. bxc3 Qxb1 30. cxb4 Qxb4 31. Qd4 Qc5 32. Qxc5 Rxc5 33. Kg1
Bxd5 34. Rc3 Rb3 35. Rc2 Kf7 36. Kf2 c3 37. Ke3 Bc4 38. Bg2 Bb5 39. Kd4 Rb4+
40. Ke3 Ba4 41. Ba3 Bxc2 42. Bxb4 Rc8 43. Kd4 Ke6 44. Bh3+ Bf5 45. Bxf5+ Kxf5
46. Bxc3 Rxc3 47. Kxc3 Ke4 48. Kc4 d5+ 49. Kc3 Ke3 50. Kc2 d4 51. Kd1 Kd3 52.
h3 h6 53. h4 h5 0-1

[Event "DVM U14w 2012"]
[Site "Magdeburg GER"]
[Date "2012.12.27"]
[Round "1"]
[White "Zoll, Cindy"]
[Black "Du, Katharina"]
[Result "0-1"]
[Termination "normal"]
[Board "6.2"]
[WhiteElo "1058"]
[BlackElo "1544"]
[WhiteTeam "SG Güstrow/Teterow"]
[BlackTeam "SV Empor Berlin"]
[WhiteFideId "12964638"]
[BlackFideId "12945757"]
[EventCountry "GER"]
[EventRounds "7"]
[EventType "team-swiss"]
[EventDate "2012.12.26"]

1. e4 c5 2. Nf3 Nc6 3. d4 cxd4 4. Nxd4 Nf6 5. Nc3 g6 6. Be3 Bg7 7. f3 a6 8. Qd2
d5 9. O-O-O dxe4 10. Nxe4 Nxe4 11. fxe4 Bg4 12. Nxc6 Qxd2+ 13. Rxd2 bxc6 14. h3
Be6 15. Kb1 O-O 16. g4 Rfb8 17. Bd4 Rd8 18. Be3 a5 19. Be2 Rxd2 20. Bxd2 Rb8
21. c3 a4 22. Rc1 c5 23. h4 c4 24. h5 a3 25. Rc2 f5 26. exf5 gxf5 27. g5 Bd5
28. h6 Be5 29. Be1 Be4 30. Bf2 Bxc2+ 31. Kxc2 axb2 32. Bxc4+ Kf8 33. Bb3 b1=Q+
34. Kxb1 Bxc3 35. Kc2 Be5 36. a4 Rc8+ 37. Kd3 Rc3+ 38. Kd2 Rxb3 0-1

[Event "DVM U14w 2012"]
[Site "Magdeburg GER"]
[Date "2012.12.27"]
[Round "1"]
[White "Berdin, Victoria"]
[Black "Jörs, Pia-Milena"]
[Result "1-0"]
[Termination "normal"]
[Board "6.3"]
[WhiteElo "1382"]
[BlackElo "1132"]
[WhiteTeam "SV Empor Berlin"]
[BlackTeam "SG Güstrow/Teterow"]
[BlackFideId "12964646"]
[EventCountry "GER"]
[EventRounds "7"]
[EventType "team-swiss"]
[EventDate "2012.12.26"]

1. e4 e5 2. Nf3 Nc6 3. Nc3 Nf6 4. d3 Bb4 5. Bd2 O-O 6. Qe2 d6 7. O-O-O a5 8. a3
Bc5 9. Bg5 h6 10. Bh4 Bg4 11. h3 Bxf3 12. Qxf3 Nd4 13. Bxf6 Nxf3 14. Bxd8 Rfxd8
15. gxf3 Bxf2 16. Be2 c6 17. Rdf1 Be3+ 18. Kb1 b5 19. Nd1 Bd4 20. c3 Bc5 21. b4
Bb6 22. f4 axb4 23. axb4 c5 24. bxc5 Bxc5 25. fxe5 dxe5 26. Nb2 Rab8 27. Rc1 b4
28. cxb4 Bxb4 29. Kc2 Rdc8+ 30. Nc4 Ba3 31. Rb1 Ra8 32. Kd2 Re8 33. Ke3 Bc5+
34. Kf3 Bd4 35. Rb7 Rf8 36. Re7 f6 37. Rh2 Rae8 38. Rxe8 Rxe8 39. Nd6 Rf8 40.
Nf5 Bc5 41. Rg2 g5 42. Nxh6+ Kh7 43. Nf5 Rh8 44. h4 Kg6 45. hxg5 fxg5 46. Kg3
Kf6 47. Rh2 Rxh2 48. Kxh2 Bb4 49. Kg3 Bd2 50. Kf3 Bf4 51. Bf1 Ke6 52. Bg2 Kd7
53. d4 exd4 54. Nxd4 Kd6 55. Ne2 Be5 56. Kg4 Bf6 57. Kf5 Ke7 58. Ng3 Kf7 59.
Nh5 Be7 60. e5 Kf8 61. Nf6 Kf7 62. Bd5+ Kg7 63. Kxg5 Kf8 64. Kf5 Kg7 65. Ke6
Kf8 66. Bc6 Bd8 67. Nd5 Ba5 68. Kd7 Be1 69. e6 Bh4 70. Nf4 Bf6 71. Ng6+ Kg7 72.
Be4 Kh6 73. Ne7 Kg7 74. Ke8 Bg5 75. Bg6 Kf6 76. Bf7 Ke5 77. Kd7 Kf6 78. Nd5+
Kg7 79. Kd6 Kf8 80. Ke5 Kg7 81. Kf5 Bd8 82. Nf4 Kf8 83. Ng6+ Kg7 84. Kg4 Kf6
85. Kh5 Kg7 86. Nh4 Kf8 87. Nf5 Bg5 88. Kg6 Bf6 89. Kh7 Bg5 90. Bg8 Bf6 91. Bf7
Bg5 92. Kg6 Bf6 93. Be8 Bd8 94. Bf7 Bf6 95. Ng3 Bd8 96. Kf5 Ke7 97. Ne4 Kf8 98.
Nf6 Kg7 99. Nd5 Kf8 100. Ke5 Kg7 101. Kd6 Kf8 102. Kd7 Bg5 103. Nc7 Bh4 104.
Ne8 Bg5 105. Kd6 Be7+ 106. Kd5 Bd8 107. Kd6 Be7+ 108. Kd7 Bg5 109. Nc7 Bf6 110.
Nd5 Bg5 111. Bh5 Bh4 112. e7+ Bxe7 113. Nxe7 Kg7 114. Ke6 Kh6 115. Bf7 Kg5 116.
Ke5 Kg4 117. Bd5 Kg5 118. Be6 Kh4 119. Kf4 Kh5 120. Kf5 Kh4 121. Nd5 Kg3 122.
Ke4 Kf2 123. Bg4 Kg3 124. Bf3 Kf2 125. Nc3 Kg3 126. Ne2+ Kf2 127. Kf4 Ke1 128.
Ke3 Kd1 129. Nd4+ Kc1 130. Kd3 Kb2 131. Bd5 Ka3 132. Kc3 Ka4 133. Bc4 Ka5 134.
Ne6 Kb6 135. Bd5 Kb5 136. Kb3 Kb6 137. Kb4 Ka6 138. Kc5 Ka5 139. Bb3 Ka6 140.
Nd8 Ka5 141. Nb7+ Ka6 142. Bd5 Ka7 143. Kc6 Kb8 144. Be6 Ka7 145. Nc5 Kb8 146.
Kb6 Ka8 147. Bc8 Kb8 148. Ba6 Ka8 149. Bb7+ Kb8 150. Nd7# 1-0

[Event "DVM U14w 2012"]
[Site "Magdeburg GER"]
[Date "2012.12.27"]
[Round "1"]
[White "Eulitz, Charlotte"]
[Black "Schirmacher, Fea Luise"]
[Result "1-0"]
[Termination "normal"]
[Board "6.4"]
[WhiteElo "958"]
[BlackElo "830"]
[WhiteTeam "SG Güstrow/Teterow"]
[BlackTeam "SV Empor Berlin"]
[WhiteFideId "12964654"]
[BlackFideId "12957283"]
[EventCountry "GER"]
[EventRounds "7"]
[EventType "team-swiss"]
[EventDate "2012.12.26"]

1. e4 e5 2. Nf3 Nc6 3. Bc4 Nf6 4. Ng5 d5 5. exd5 Nxd5 6. d3 Be7 7. Nf3 O-O 8.
O-O Be6 9. Re1 f6 10. Nc3 Qd7 11. h3 a6 12. Qd2 b5 13. Bb3 Nxc3 14. Qxc3 Bd6
15. Bxe6+ Qxe6 16. Qxc6 Rac8 17. Be3 h6 18. Bc5 Rfe8 19. Re2 Re7 20. a3 Kh8 21.
Qxa6 Rb8 22. Qc6 Bxc5 23. Qxc5 Qd6 24. Qc3 c6 25. Rae1 Rbe8 26. Nh4 Kg8 27. Nf5
Qc7 28. Nxe7+ Rxe7 29. d4 g5 30. dxe5 fxe5 31. Rxe5 Rf7 32. Qb3 Kg7 33. Qc3 Kg8
34. Re8+ Kh7 35. Qe5 Qd7 36. Rh8+ Kg6 37. Qe6+ Kh5 38. Qxh6# 1-0

[Event "DVM U14w 2012"]
[Site "Magdeburg GER"]
[Date "2012.12.27"]
[Round "1"]
[White "Semenova, Alisa"]
[Black "Klinge, Sabina"]
[Result "1/2-1/2"]
[Termination "normal"]
[Board "7.1"]
[WhiteElo "1579"]
[BlackElo "1619"]
[WhiteTeam "SK Neumarkt"]
[BlackTeam "TuRa Harksheide"]
[WhiteFideId "1272132"]
[BlackFideId "12949590"]
[EventCountry "GER"]
[EventRounds "7"]
[EventType "team-swiss"]
[EventDate "2012.12.26"]

1. e4 c5 2. Nc3 Nc6 3. g3 g6 4. Bg2 Bg7 5. d3 d6 6. Be3 Bd7 7. Qd2 a6 8. Nge2
Rc8 9. f4 f5 10. O-O Nf6 11. d4 cxd4 12. Nxd4 Ng4 13. Nxc6 Bxc6 14. exf5 Bxg2
15. Kxg2 gxf5 16. Rad1 Nxe3+ 17. Qxe3 O-O 18. Rfe1 Rf7 19. Re2 Rc4 20. Qe6 Qc8
21. Qxc8+ Rxc8 22. Nd5 e5 23. Ne3 Rd8 24. fxe5 Bxe5 25. Nc4 Rfd7 26. Nb6 Re7
27. Nc4 Bf6 28. Rxe7 Bxe7 29. Ne3 Rf8 30. Rf1 f4 31. Rxf4 Rxf4 32. gxf4 Bf6 33.
c3 Kf7 34. Kf3 Ke6 35. Ke4 h5 36. f5+ Kd7 37. Kd5 Be5 38. h3 b5 39. a4 Bf4 40.
Ng2 Bg5 41. axb5 axb5 42. Ne1 Bf6 43. Nd3 Bg5 44. h4 Bh6 45. f6 Be3 46. b3 Bd2
47. c4 bxc4 48. bxc4 Bh6 49. c5 Bf8 50. cxd6 Bxd6 51. f7 Bf8 52. Nf4 Ke7 53.
Nxh5 Kxf7 1/2-1/2

[Event "DVM U14w 2012"]
[Site "Magdeburg GER"]
[Date "2012.12.27"]
[Round "1"]
[White "Köhler, Inken"]
[Black "Schilay, Eva"]
[Result "1-0"]
[Termination "normal"]
[Board "7.2"]
[WhiteElo "1482"]
[BlackElo "1124"]
[WhiteTeam "TuRa Harksheide"]
[BlackTeam "SK Neumarkt"]
[WhiteFideId "12929301"]
[BlackFideId "12930164"]
[EventCountry "GER"]
[EventRounds "7"]
[EventType "team-swiss"]
[EventDate "2012.12.26"]

1. e4 e5 2. Nf3 Nc6 3. d4 exd4 4. Nxd4 Qh4 5. Nb5 Qxe4+ 6. Qe2 Qxe2+ 7. Bxe2
Bb4+ 8. Bd2 Kd8 9. N1c3 a6 10. Nxc7 Kxc7 11. Nd5+ Kd8 12. Nxb4 Nd4 13. Bd3 Nf6
14. Bg5 Re8+ 15. Kd2 Re6 16. c3 Nb5 17. Bxh7 Ke8 18. Bd3 Rd6 19. Rhe1+ Kf8 20.
Re2 a5 21. Nc2 b6 22. Bf4 Rxd3+ 23. Kxd3 Ba6 24. c4 Na7 25. Ne3 Nc6 26. b3 Nb4+
27. Kd4 Re8 28. Bd6+ Kg8 29. Bxb4 axb4 30. f3 Re6 31. Rae1 Nh5 32. Nd5 Rd6 33.
Re8+ Kh7 34. Ke5 Rg6 35. Nxb4 d6+ 36. Kd4 Bb7 37. Rb8 Bxf3 38. gxf3 Rg2 39.
Rxb6 Rxh2 40. Rxd6 Ng3 41. Rd5 g6 42. c5 Nf5+ 43. Kd3 Kg7 44. c6 Rh8 45. c7 Rc8
46. Na6 Kf6 47. Rd8 Rxc7 48. Nxc7 Kg5 49. Nd5 Kh6 50. Rh8+ Kg5 51. Rg1+ Ng3 52.
Rxg3+ Kf5 53. Re8 g5 54. Kd4 f6 55. Rf8 Kg6 56. Rxf6+ Kh5 57. Rh3# 1-0

[Event "DVM U14w 2012"]
[Site "Magdeburg GER"]
[Date "2012.12.27"]
[Round "1"]
[White "Schilay, Maria"]
[Black "Schramm, Anna-Lena"]
[Result "0-1"]
[Termination "normal"]
[Board "7.3"]
[WhiteElo "1115"]
[BlackElo "1437"]
[WhiteTeam "SK Neumarkt"]
[BlackTeam "TuRa Harksheide"]
[WhiteFideId "12942979"]
[BlackFideId "12918237"]
[EventCountry "GER"]
[EventRounds "7"]
[EventType "team-swiss"]
[EventDate "2012.12.26"]

1. e4 e5 2. Bc4 Nf6 3. Nc3 Nxe4 4. Qh5 Qf6 5. Nxe4 Qe7 6. d3 g6 7. Qf3 Bg7 8.
Nc5 O-O 9. Be3 Nc6 10. h3 Nd4 11. Bxd4 exd4+ 12. Ne4 c6 13. O-O-O d5 14. Bxd5
cxd5 15. Nd2 Be6 16. Ne2 Qc5 17. Nb3 Qb6 18. g4 a5 19. h4 a4 20. Nbxd4 Bxd4 21.
Nxd4 Qxd4 22. a3 Bxg4 23. Qg3 Bxd1 24. Rxd1 Rac8 25. h5 Qc5 26. c3 d4 27. c4 b5
28. f4 bxc4 29. dxc4 Qxc4+ 30. Kd2 Qc2+ 31. Ke1 Rce8+ 32. Kf1 Qxd1+ 33. Kg2
Qd2+ 34. Kf3 Re3+ 35. Kg4 Rxg3+ 36. Kxg3 Re8 37. Kg4 Re1 38. hxg6 fxg6 39. Kg5
Qa5+ 40. Kg4 Qh5+ 41. Kg3 Rf1 42. Kg2 Qf3+ 43. Kh2 Rh1# 0-1

[Event "DVM U14w 2012"]
[Site "Magdeburg GER"]
[Date "2012.12.27"]
[Round "1"]
[White "Janke, Luisa"]
[Black "Held, Fabienne"]
[Result "1-0"]
[Termination "normal"]
[Board "7.4"]
[WhiteElo "1200"]
[BlackElo "766"]
[WhiteTeam "TuRa Harksheide"]
[BlackTeam "SK Neumarkt"]
[WhiteFideId "12925225"]
[BlackFideId "12964670"]
[EventCountry "GER"]
[EventRounds "7"]
[EventType "team-swiss"]
[EventDate "2012.12.26"]

1. d4 d5 2. Nf3 Nc6 3. c3 Nf6 4. Bg5 e6 5. Nbd2 Be7 6. e3 Bd7 7. Qb3 b6 8. Bd3
O-O 9. O-O Rb8 10. Qc2 h6 11. Bf4 Bd6 12. Bxd6 cxd6 13. h3 e5 14. e4 dxe4 15.
Nxe4 Nxe4 16. Bxe4 g6 17. dxe5 dxe5 18. Rad1 Qe7 19. Rd2 Rbd8 20. Qd3 Na5 21.
b4 Nc6 22. Qe3 Qf6 23. Qxh6 Qg7 24. Qe3 Ne7 25. Rfd1 Nf5 26. Bxf5 gxf5 27. Rxd7
Rxd7 28. Rxd7 Kh8 29. Qxe5 Qxe5 30. Nxe5 f6 31. Ng6+ Kg8 32. Nxf8 Kxf8 33. Rxa7
f4 34. Ra6 f5 35. Rxb6 Ke7 36. a4 f3 37. g3 Kd7 38. h4 f4 39. gxf4 Ke7 40. a5
Kd7 41. h5 Ke7 42. a6 Kd7 43. h6 Ke7 44. h7 Kd7 45. h8=Q Kc7 46. Rg6 Kd7 47.
Qh7+ Ke8 48. Rg8# 1-0

[Event "DVM U14w 2012"]
[Site "Magdeburg GER"]
[Date "2012.12.27"]
[Round "1"]
[White "Sherif, Amina"]
[Black "Mao, Yvonne"]
[Result "1/2-1/2"]
[Termination "normal"]
[Board "8.1"]
[WhiteElo "1565"]
[BlackElo "1180"]
[WhiteTeam "SG Solingen"]
[BlackTeam "SK 1980 Gernsheim"]
[WhiteFideId "12911690"]
[BlackFideId "12942561"]
[EventCountry "GER"]
[EventRounds "7"]
[EventType "team-swiss"]
[EventDate "2012.12.26"]

1. e4 e5 2. Nf3 Nc6 3. Bb5 a6 4. Ba4 Be7 5. d3 Nf6 6. Bxc6 bxc6 7. Nxe5 c5 8.
Nc3 O-O 9. O-O Bb7 10. Re1 d5 11. exd5 Nxd5 12. Nxd5 Qxd5 13. Qg4 f5 14. Qc4
Kh8 15. Qxd5 Bxd5 16. Ng6+ hxg6 17. Rxe7 Rfe8 18. Bg5 Rxe7 19. Bxe7 c4 20. dxc4
Bxc4 21. b3 Bd5 22. c4 Be4 23. Rd1 Bc2 24. Rd2 Bb1 25. Kf1 Re8 26. Bg5 Kg8 27.
a3 a5 28. b4 axb4 29. axb4 Re4 30. c5 Rxb4 31. Bd8 Rc4 32. Be7 Kf7 33. Rd7 Re4
34. Bg5+ Ke8 35. Rd8+ Kf7 36. f3 Rc4 37. Rd7+ Kf8 38. Rxc7 Bd3+ 39. Kf2 Rc2+
40. Ke3 Bb5 41. g3 Rxh2 42. Be7+ Kf7 43. Bd6+ Kf6 44. Kd4 Rd2+ 45. Ke3 Rd3+ 46.
Kf2 g5 47. f4 gxf4 48. gxf4 g6 49. Be5+ Ke6 50. Rc8 Rd2+ 51. Ke1 Rc2 52. Kd1
Ba4 53. Ke1 Kd5 54. Bd6 Ke6 55. Ra8 Bc6 56. Rc8 Be4 57. Re8+ Kf6 58. Kd1 Rc4
59. Kd2 Rd4+ 60. Kc3 Ra4 61. Rc8 Bd5 62. Rd8 Ke6 63. Kd3 Be4+ 64. Ke3 Ra3+ 65.
Kd2 Rd3+ 66. Ke2 Ra3 67. Be5 Ra2+ 68. Kd1 Bf3+ 69. Kc1 Be4 70. Rd6+ Kf7 71.
Rf6+ Ke7 72. Rxg6 Rc2+ 73. Kd1 Rxc5 74. Bd6+ Kf7 1/2-1/2

[Event "DVM U14w 2012"]
[Site "Magdeburg GER"]
[Date "2012.12.27"]
[Round "1"]
[White "Le, Kim Anh"]
[Black "Reksten, Anne"]
[Result "0-1"]
[Termination "normal"]
[Board "8.2"]
[WhiteElo "982"]
[BlackElo "1660"]
[WhiteTeam "SK 1980 Gernsheim"]
[BlackTeam "SG Solingen"]
[WhiteFideId "12947342"]
[BlackFideId "24692778"]
[EventCountry "GER"]
[EventRounds "7"]
[EventType "team-swiss"]
[EventDate "2012.12.26"]

1. e4 c6 2. d4 d5 3. exd5 cxd5 4. Bd3 Nc6 5. c3 Nf6 6. h3 e6 7. Nf3 Bd6 8. Qe2
h6 9. O-O Qc7 10. Re1 Nd7 11. Nbd2 O-O 12. Nb3 a6 13. Bd2 Rb8 14. Kh1 b5 15. a3
Re8 16. Rg1 e5 17. dxe5 Ndxe5 18. Nxe5 Rxe5 19. Qf3 Re7 20. Rae1 Be6 21. Be3
Ne5 22. Qe2 Qc8 23. Bf4 Bxh3 24. gxh3 Qxh3+ 25. Bh2 Nf3 0-1

[Event "DVM U14w 2012"]
[Site "Magdeburg GER"]
[Date "2012.12.27"]
[Round "1"]
[White "Möller, Laura"]
[Black "Nguyen, Julia"]
[Result "0-1"]
[Termination "normal"]
[Board "8.3"]
[WhiteElo "1017"]
[BlackElo "1012"]
[WhiteTeam "SG Solingen"]
[BlackTeam "SK 1980 Gernsheim"]
[WhiteFideId "12911720"]
[BlackFideId "12964689"]
[EventCountry "GER"]
[EventRounds "7"]
[EventType "team-swiss"]
[EventDate "2012.12.26"]

1. c4 e5 2. g3 Nc6 3. Bg2 Bc5 4. Nc3 Nf6 5. d3 Ng4 6. f3 Nf2 7. Qd2 Nxh1 8. e3
d6 9. Bxh1 Bf5 10. a3 Qd7 11. Bg2 O-O-O 12. Qc2 Na5 13. b4 Nxc4 14. bxc5 dxc5
15. e4 Be6 16. dxc4 Bxc4 17. Bh3 Be6 18. Bf1 Qd4 19. Nh3 Bxh3 20. Bxh3+ Kb8 21.
Kf1 Qc4+ 22. Kf2 Rd3 23. Bd2 Rhd8 24. Rd1 Qd4+ 25. Ke1 Rxf3 26. Bc1 Qg1+ 27.
Ke2 Qf2# 0-1

[Event "DVM U14w 2012"]
[Site "Magdeburg GER"]
[Date "2012.12.27"]
[Round "1"]
[White "Le, Mai Linh Lisa"]
[Black "Kublanov, Elizabeth"]
[Result "0-1"]
[Termination "normal"]
[Board "8.4"]
[WhiteElo "871"]
[BlackElo "1060"]
[WhiteTeam "SK 1980 Gernsheim"]
[BlackTeam "SG Solingen"]
[WhiteFideId "12964697"]
[BlackFideId "12944564"]
[EventCountry "GER"]
[EventRounds "7"]
[EventType "team-swiss"]
[EventDate "2012.12.26"]

1. e4 e5 2. Nf3 Nc6 3. Nc3 Nf6 4. a3 Bc5 5. Nxe5 O-O 6. Nxc6 bxc6 7. e5 Re8 8.
d4 Bb6 9. b4 d6 10. f4 Bf5 11. Be2 Ne4 12. Bb2 Qh4+ 13. g3 Nxg3 14. hxg3 Qxh1+
15. Kd2 Qxd1+ 16. Nxd1 c5 17. c3 cxd4 18. cxd4 Rad8 19. g4 Be4 20. Ke3 Bb7 21.
Bc3 dxe5 22. fxe5 Rxe5+ 23. Kd3 Ba6+ 24. Kc2 Rxe2+ 25. Kb3 Bxd4 26. Bxd4 Rxd4
27. Nc3 Bc4+ 28. Ka4 Re3 29. Nb5 Bxb5+ 30. Kxb5 Re5+ 31. Ka4 a5 32. Rc1 c5 33.
Kb3 Re3+ 34. Ka4 axb4 35. Kb5 bxa3 36. Rxc5 h6 37. Rc8+ Kh7 38. Ra8 Re5+ 39.
Kc6 Rxg4 40. Rxa3 Rg6+ 41. Kd7 h5 42. Rc3 h4 43. Kd8 Rh6 44. Kd7 h3 45. Rc1 g5
46. Kc7 Re7+ 47. Kd8 Ra7 48. Kc8 Rg6 49. Kb8 Re7 50. Rc2 g4 51. Rc3 h2 52. Rc1
g3 53. Rc8 Rb6+ 54. Ka8 h1=Q+ 55. Rc6 Qxc6# 0-1

[Event "DVM U14w 2012"]
[Site "Magdeburg GER"]
[Date "2012.12.27"]
[Round "1"]
[White "G., Diana"]
[Black "Neumann, Isabel"]
[Result "0-1"]
[Termination "normal"]
[Board "9.1"]
[WhiteElo "1151"]
[BlackElo "1422"]
[WhiteTeam "Hamburger SK von 1830"]
[BlackTeam "SV 1919 Grimma"]
[WhiteFideId "12964700"]
[BlackFideId "12964468"]
[EventCountry "GER"]
[EventRounds "7"]
[EventType "team-swiss"]
[EventDate "2012.12.26"]

1. e4 e5 2. Nf3 Nc6 3. Nc3 Be7 4. Bb5 a6 5. Bxc6 bxc6 6. Nxe5 Nf6 7. d3 O-O 8.
Bg5 Re8 9. O-O Nxe4 10. Nxe4 Bxg5 11. Nf3 Bf6 12. c3 d5 13. Ng3 Rb8 14. Rb1 c5
15. d4 cxd4 16. Nxd4 c5 17. Nc6 Qd6 18. Nxb8 Bb7 19. Nxa6 Qxa6 20. Re1 Rxe1+
21. Qxe1 Qa8 22. Rd1 d4 23. f3 g6 24. Ne4 Bxe4 25. Qxe4 Qxa2 26. Qc6 Qb3 27.
Re1 Kg7 28. Qxc5 dxc3 29. Re8 Qd1+ 30. Kf2 Bd4+ 31. Qxd4+ Qxd4+ 32. Re3 c2 0-1

[Event "DVM U14w 2012"]
[Site "Magdeburg GER"]
[Date "2012.12.27"]
[Round "1"]
[White "Arnhold, Steffi"]
[Black "Michna, Masza"]
[Result "0-1"]
[Termination "normal"]
[Board "9.2"]
[WhiteElo "1392"]
[BlackElo "1056"]
[WhiteTeam "SV 1919 Grimma"]
[BlackTeam "Hamburger SK von 1830"]
[WhiteFideId "12931365"]
[BlackFideId "12921998"]
[EventCountry "GER"]
[EventRounds "7"]
[EventType "team-swiss"]
[EventDate "2012.12.26"]

1. e4 d6 2. d4 Nf6 3. Nc3 e5 4. dxe5 dxe5 5. Qxd8+ Kxd8 6. Bg5 Nbd7 7. Nf3 Bd6
8. Bc4 Ke8 9. Rd1 a6 10. Nh4 Bb4 11. Bd3 Bxc3+ 12. bxc3 h6 13. Bxf6 Nxf6 14.
Nf5 Bxf5 15. exf5 Rd8 16. O-O Ke7 17. Rfe1 Nd7 18. Bc4 f6 19. Be6 Nc5 20. Rb1
b5 21. g3 Nxe6 22. fxe6 Rd6 23. Kg2 Rxe6 24. Rbd1 Rd8 25. Kf3 Rxd1 26. Rxd1 e4+
27. Kf4 g6 28. Re1 f5 29. f3 exf3 30. Rxe6+ Kxe6 31. Kxf3 Ke5 32. Ke3 g5 33.
Kf3 f4 34. gxf4+ gxf4 35. h3 h5 36. Kf2 Ke4 37. Ke2 f3+ 38. Kf2 c5 39. a3 a5
40. h4 a4 41. Kf1 Ke3 42. Ke1 f2+ 43. Kf1 c4 0-1

[Event "DVM U14w 2012"]
[Site "Magdeburg GER"]
[Date "2012.12.27"]
[Round "1"]
[White "Reich, Kristina"]
[Black "Könze, Heike"]
[Result "0-1"]
[Termination "normal"]
[Board "9.3"]
[WhiteElo "955"]
[BlackElo "1225"]
[WhiteTeam "Hamburger SK von 1830"]
[BlackTeam "SV 1919 Grimma"]
[WhiteFideId "12964719"]
[BlackFideId "12964476"]
[EventCountry "GER"]
[EventRounds "7"]
[EventType "team-swiss"]
[EventDate "2012.12.26"]

1. e4 e6 2. Nf3 d5 3. e5 c5 4. d4 cxd4 5. Qxd4 Nc6 6. Qf4 Bd7 7. Bd2 Bc5 8. Qg4
g6 9. Nc3 Nb4 10. Rc1 Qb6 11. Qh4 d4 12. Ne4 Nxa2 13. Nf6+ Nxf6 14. Qxf6 Rf8
15. Rb1 Nb4 16. Bd3 Be7 17. Qf4 Nc6 18. Qh6 Qc7 19. Bf4 Bb4+ 20. Ke2 Rh8 21.
Qg7 O-O-O 22. Qxf7 Rhf8 23. Qxh7 Rxf4 24. Qg7 Na5 25. Qxg6 Bb5 26. Bxb5 Kb8 27.
Kd3 a6 28. Bxa6 bxa6 29. Qxe6 Qb7 30. Qh3 Qe4# 0-1

[Event "DVM U14w 2012"]
[Site "Magdeburg GER"]
[Date "2012.12.27"]
[Round "1"]
[White "Hagenbeck-Hübert, Lara"]
[Black "Rudenko, Katharina"]
[Result "1-0"]
[Termination "normal"]
[Board "9.4"]
[WhiteElo "1261"]
[BlackElo "867"]
[WhiteTeam "SV 1919 Grimma"]
[BlackTeam "Hamburger SK von 1830"]
[WhiteFideId "12964484"]
[EventCountry "GER"]
[EventRounds "7"]
[EventType "team-swiss"]
[EventDate "2012.12.26"]

1. d4 Nf6 2. g3 e6 3. Bg2 d5 4. b3 b5 5. Bb2 Bb4+ 6. c3 Bd6 7. Nd2 c6 8. e3 O-O
9. Ne2 Nbd7 10. O-O Bb7 11. Rc1 Ng4 12. h3 Nh6 13. c4 c5 14. cxb5 Nf6 15. dxc5
Bc7 16. Qc2 Rc8 17. g4 Ne8 18. Ba3 Qe7 19. Qb2 Ba8 20. b6 axb6 21. cxb6 Nd6 22.
bxc7 Rxc7 23. e4 f6 24. g5 Nhf7 25. gxf6 gxf6 26. Nf4 Ne5 27. Rxc7 Qxc7 28.
Nxe6 Qe7 29. Nxf8 Qxf8 30. Bxd6 Qxd6 31. exd5 Bxd5 32. Bxd5+ Qxd5 33. f3 Qc5+
34. Kh1 Qe3 35. Qc2 Qf4 36. Rg1+ Kf7 37. Qc7+ Ke6 38. Qc8+ Kd6 39. Ne4+ Kd5 40.
Rd1+ Nd3 41. Rxd3+ Ke5 42. Qc7+ Kf5 43. Qxf4+ Kxf4 44. b4 f5 45. Nf6 h6 46. b5
Kg3 47. b6 Kxh3 48. b7 Kh4 49. b8=Q Kg5 50. Qe5 Kg6 51. f4 Kf7 52. Rg3 Kf8 53.
Qe8# 1-0

[Event "DVM U14w 2012"]
[Site "Magdeburg GER"]
[Date "2012.12.27"]
[Round "1"]
[White "Bork, Sophie"]
[Black "Kolchugina, Lada"]
[Result "1/2-1/2"]
[Termination "normal"]
[Board "10.1"]
[WhiteElo "1525"]
[BlackElo "1162"]
[WhiteTeam "SV Welper 1922"]
[BlackTeam "SK Langen"]
[WhiteFideId "12905429"]
[BlackFideId "12929743"]
[EventCountry "GER"]
[EventRounds "7"]
[EventType "team-swiss"]
[EventDate "2012.12.26"]

1. e4 e5 2. Nf3 Nc6 3. Bc4 Nf6 4. d3 Bc5 5. c3 d5 6. exd5 Nxd5 7. O-O O-O 8.
Nbd2 Nb6 9. Ne4 Nxc4 10. Nxc5 b6 11. dxc4 bxc5 12. Be3 Be6 13. b3 Qd6 14. Qxd6
cxd6 15. Rad1 Rfd8 16. Ng5 Bf5 17. f3 h6 18. Ne4 Bxe4 19. fxe4 a5 20. Rf2 a4
21. Rfd2 axb3 22. axb3 Na5 23. Rxd6 Rxd6 24. Rxd6 Nxb3 25. Rd5 f6 26. Bxc5 Nxc5
27. Rxc5 Ra1+ 28. Kf2 Rc1 1/2-1/2

[Event "DVM U14w 2012"]
[Site "Magdeburg GER"]
[Date "2012.12.27"]
[Round "1"]
[White "Flach, Helene"]
[Black "Hütte, Sarah"]
[Result "1/2-1/2"]
[Termination "normal"]
[Board "10.2"]
[WhiteElo "1096"]
[BlackElo "1133"]
[WhiteTeam "SK Langen"]
[BlackTeam "SV Welper 1922"]
[WhiteFideId "12929735"]
[BlackFideId "12929611"]
[EventCountry "GER"]
[EventRounds "7"]
[EventType "team-swiss"]
[EventDate "2012.12.26"]

1. e4 d5 2. exd5 Nf6 3. Nc3 Nxd5 4. Nf3 Bg4 5. Be2 e6 6. d3 Nc6 7. Bd2 Be7 8.
Ne4 O-O 9. O-O h6 10. h3 Bh5 11. Nh2 Bg6 12. Re1 Bf6 13. Rb1 Nd4 14. a3 Nxe2+
15. Qxe2 Qd7 16. Ng4 Qe7 17. c4 Bxe4 18. Qxe4 Nb6 19. Qe3 Rfd8 20. Qf3 Bg5 21.
Bxg5 1/2-1/2